[Event "DEM U10 2022"]
[Site "Willingen GER"]
[Date "2022.06.05"]
[Round "1"]
[White "Moskalenko, Michael"]
[Black "Gersemann, Karl"]
[Result "0-1"]
[Termination "normal"]
[Board "8"]
[WhiteElo "1266"]
[BlackElo "1620"]
[WhiteClock "00:06:07"]
[BlackClock "00:57:53"]
[PlyCount "92"]
[WhiteFideId "34608877"]
[BlackFideId "34602186"]
[EventCountry "GER"]
[EventRounds "11"]
[EventType "swiss"]
[EventDate "2022.06.04"]

1. d4 {[%clk 01:15:58]} {[%emt 00:00:01]} Nf6 {[%clk 01:15:55]} {[%emt
00:00:06]} 2. c4 {[%clk 01:16:20]} {[%emt 00:00:08]} e6 {[%clk 01:16:18]}
{[%emt 00:00:06]} 3. Nf3 {[%clk 01:16:41]} {[%emt 00:00:09]} d5 {[%clk
01:16:40]} {[%emt 00:00:08]} 4. Bg5 {[%clk 01:17:00]} {[%emt 00:00:12]} dxc4
{[%clk 01:17:00]} {[%emt 00:00:10]} 5. e3 {[%clk 01:16:13]} {[%emt 00:01:17]}
b5 {[%clk 01:17:13]} {[%emt 00:00:16]} 6. a4 {[%clk 01:16:04]} {[%emt
00:00:40]} c6 {[%clk 01:17:23]} {[%emt 00:00:19]} 7. axb5 {[%clk 01:11:05]}
{[%emt 00:05:30]} cxb5 {[%clk 01:17:42]} {[%emt 00:00:10]} 8. Nc3 {[%clk
01:00:38]} {[%emt 00:10:57]} Bb4 {[%clk 01:15:40]} {[%emt 00:02:32]} 9. Qc2
{[%clk 00:54:04]} {[%emt 00:07:04]} Bb7 {[%clk 01:14:33]} {[%emt 00:01:36]} 10.
Be2 {[%clk 00:51:33]} {[%emt 00:03:01]} Nbd7 {[%clk 01:14:24]} {[%emt
00:00:39]} 11. O-O {[%clk 00:44:52]} {[%emt 00:07:12]} a6 {[%clk 01:13:17]}
{[%emt 00:01:37]} 12. Rfd1 {[%clk 00:41:39]} {[%emt 00:03:42]} Qb6 {[%clk
01:12:21]} {[%emt 00:01:21]} 13. Ne5 {[%clk 00:37:44]} {[%emt 00:04:30]} Bxc3
{[%clk 01:10:29]} {[%emt 00:02:21]} 14. Qxc3 {[%clk 00:30:49]} {[%emt
00:07:27]} Ne4 {[%clk 01:10:45]} {[%emt 00:00:13]} 15. Nxd7 {[%clk 00:29:19]}
{[%emt 00:02:00]} Kxd7 {[%clk 01:10:16]} {[%emt 00:00:58]} 16. Qb4 {[%clk
00:26:04]} {[%emt 00:03:46]} Nxg5 {[%clk 01:09:11]} {[%emt 00:01:34]} 17. Bxc4
{[%clk 00:25:19]} {[%emt 00:01:15]} Qd6 {[%clk 01:08:09]} {[%emt 00:01:31]} 18.
Qxd6+ {[%clk 00:24:34]} {[%emt 00:01:16]} Kxd6 {[%clk 01:08:27]} {[%emt
00:00:11]} 19. Bb3 {[%clk 00:24:52]} {[%emt 00:00:12]} h5 {[%clk 01:08:12]}
{[%emt 00:00:44]} 20. f3 {[%clk 00:23:10]} {[%emt 00:02:13]} h4 {[%clk
01:08:24]} {[%emt 00:00:18]} 21. h3 {[%clk 00:23:23]} {[%emt 00:00:18]} Nh7
{[%clk 01:08:02]} {[%emt 00:00:51]} 22. e4 {[%clk 00:23:41]} {[%emt 00:00:13]}
Rhd8 {[%clk 01:08:10]} {[%emt 00:00:20]} 23. Rac1 {[%clk 00:23:38]} {[%emt
00:00:34]} Rac8 {[%clk 01:07:38]} {[%emt 00:01:01]} 24. e5+ {[%clk 00:22:51]}
{[%emt 00:01:18]} Ke7 {[%clk 01:07:18]} {[%emt 00:00:49]} 25. Ra1 {[%clk
00:22:34]} {[%emt 00:00:48]} Nf8 {[%clk 01:07:27]} {[%emt 00:00:19]} 26. f4
{[%clk 00:18:30]} {[%emt 00:04:35]} Ng6 {[%clk 01:07:22]} {[%emt 00:00:34]} 27.
f5 {[%clk 00:16:19]} {[%emt 00:02:43]} exf5 {[%clk 01:06:03]} {[%emt 00:01:48]}
28. Rd2 {[%clk 00:13:23]} {[%emt 00:03:26]} f4 {[%clk 00:59:59]} {[%emt
00:06:34]} 29. Re1 {[%clk 00:13:30]} {[%emt 00:00:23]} Bd5 {[%clk 01:00:00]}
{[%emt 00:00:28]} 30. Bc2 {[%clk 00:13:47]} {[%emt 00:00:14]} f3 {[%clk
00:59:55]} {[%emt 00:00:34]} 31. gxf3 {[%clk 00:13:37]} {[%emt 00:00:40]} Bxf3
{[%clk 00:59:10]} {[%emt 00:01:15]} 32. Bb3 {[%clk 00:13:02]} {[%emt 00:01:05]}
Bd5 {[%clk 00:59:26]} {[%emt 00:00:12]} 33. Bc2 {[%clk 00:13:16]} {[%emt
00:00:17]} Nf4 {[%clk 00:59:22]} {[%emt 00:00:31]} 34. Kh2 {[%clk 00:13:08]}
{[%emt 00:00:41]} Be6 {[%clk 00:59:17]} {[%emt 00:00:34]} 35. Re3 {[%clk
00:11:47]} {[%emt 00:01:52]} Rxd4 {[%clk 00:58:58]} {[%emt 00:00:50]} 36. Rxd4
{[%clk 00:11:18]} {[%emt 00:00:58]} Rxc2+ {[%clk 00:59:24]} {[%emt 00:00:04]}
37. Kh1 {[%clk 00:09:43]} {[%emt 00:02:04]} Bd5+ {[%clk 00:59:05]} {[%emt
00:00:50]} 38. Kg1 {[%clk 00:09:47]} {[%emt 00:00:27]} Rg2+ {[%clk 00:58:16]}
{[%emt 00:01:17]} 39. Kf1 {[%clk 00:09:51]} {[%emt 00:00:26]} Bc4+ {[%clk
00:58:37]} {[%emt 00:00:10]} 40. Ke1 {[%clk 00:09:48]} {[%emt 00:00:33]} Rg1+
{[%clk 00:58:42]} {[%emt 00:00:24]} 41. Kd2 {[%clk 00:08:43]} {[%emt 00:01:35]}
Rg2+ {[%clk 00:58:00]} {[%emt 00:01:08]} 42. Kd1 {[%clk 00:08:07]} {[%emt
00:01:11]} Nd5 {[%clk 00:57:04]} {[%emt 00:01:25]} 43. Re1 {[%clk 00:06:29]}
{[%emt 00:02:06]} Rxb2 {[%clk 00:57:01]} {[%emt 00:00:36]} 44. Rxh4 {[%clk
00:06:29]} {[%emt 00:00:30]} Bb3+ {[%clk 00:56:59]} {[%emt 00:00:31]} 45. Kc1
{[%clk 00:06:32]} {[%emt 00:00:27]} Rc2+ {[%clk 00:57:26]} {[%emt 00:00:05]}
46. Kb1 {[%clk 00:06:07]} {[%emt 00:00:55]} Nc3+ {[%clk 00:57:53]} {[%emt
00:00:02]} 0-1

[Event "DEM U10 2022"]
[Site "Willingen GER"]
[Date "2022.06.05"]
[Round "1"]
[White "Junge, Mattheo Gabriel"]
[Black "Thoms, Eric"]
[Result "1-0"]
[Termination "normal"]
[Board "9"]
[WhiteElo "1132"]
[BlackElo "1219"]
[WhiteClock "00:13:45"]
[BlackClock "00:46:48"]
[PlyCount "105"]
[WhiteFideId "34605908"]
[BlackFideId "34623450"]
[EventCountry "GER"]
[EventRounds "11"]
[EventType "swiss"]
[EventDate "2022.06.04"]

1. e4 {[%clk 01:15:57]} {[%emt 00:00:01]} e5 {[%clk 01:15:52]} {[%emt
00:00:08]} 2. Nf3 {[%clk 01:16:23]} {[%emt 00:00:05]} Nc6 {[%clk 01:16:12]}
{[%emt 00:00:10]} 3. Bc4 {[%clk 01:16:45]} {[%emt 00:00:08]} Nf6 {[%clk
01:16:31]} {[%emt 00:00:11]} 4. Ng5 {[%clk 01:16:20]} {[%emt 00:00:55]} d5
{[%clk 01:16:49]} {[%emt 00:00:11]} 5. exd5 {[%clk 01:16:14]} {[%emt 00:00:37]}
Na5 {[%clk 01:17:06]} {[%emt 00:00:13]} 6. Bb5+ {[%clk 01:16:03]} {[%emt
00:00:41]} c6 {[%clk 01:17:23]} {[%emt 00:00:13]} 7. dxc6 {[%clk 01:16:06]}
{[%emt 00:00:26]} bxc6 {[%clk 01:17:38]} {[%emt 00:00:16]} 8. Qf3 {[%clk
01:13:35]} {[%emt 00:03:00]} Bb7 {[%clk 01:09:18]} {[%emt 00:08:51]} 9. Ba4
{[%clk 01:12:43]} {[%emt 00:01:21]} Qd4 {[%clk 01:07:20]} {[%emt 00:02:29]} 10.
Bb3 {[%clk 01:10:13]} {[%emt 00:02:58]} Nxb3 {[%clk 01:06:24]} {[%emt
00:01:26]} 11. Qxb3 {[%clk 01:10:19]} {[%emt 00:00:25]} Qd7 {[%clk 01:06:22]}
{[%emt 00:00:33]} 12. O-O {[%clk 01:10:26]} {[%emt 00:00:23]} Bd6 {[%clk
01:05:40]} {[%emt 00:01:11]} 13. d4 {[%clk 01:08:24]} {[%emt 00:02:32]} O-O
{[%clk 01:04:54]} {[%emt 00:01:16]} 14. Be3 {[%clk 01:06:17]} {[%emt 00:02:37]}
Rab8 {[%clk 01:03:44]} {[%emt 00:01:41]} 15. Qd3 {[%clk 01:01:50]} {[%emt
00:04:56]} e4 {[%clk 01:00:08]} {[%emt 00:04:08]} 16. Nxe4 {[%clk 00:55:09]}
{[%emt 00:07:12]} Nxe4 {[%clk 01:00:17]} {[%emt 00:00:18]} 17. Qxe4 {[%clk
00:54:13]} {[%emt 00:01:27]} c5 {[%clk 00:59:47]} {[%emt 00:01:00]} 18. Qh4
{[%clk 00:51:49]} {[%emt 00:02:51]} Be7 {[%clk 00:58:22]} {[%emt 00:01:51]} 19.
Qh3 {[%clk 00:49:36]} {[%emt 00:02:49]} Qxh3 {[%clk 00:58:27]} {[%emt
00:00:26]} 20. gxh3 {[%clk 00:49:38]} {[%emt 00:00:27]} Bf6 {[%clk 00:58:29]}
{[%emt 00:00:28]} 21. c3 {[%clk 00:48:32]} {[%emt 00:01:36]} cxd4 {[%clk
00:58:40]} {[%emt 00:00:20]} 22. Bxd4 {[%clk 00:48:02]} {[%emt 00:01:01]} Bxd4
{[%clk 00:58:50]} {[%emt 00:00:19]} 23. cxd4 {[%clk 00:48:25]} {[%emt
00:00:07]} Bc8 {[%clk 00:58:47]} {[%emt 00:00:33]} 24. b3 {[%clk 00:47:36]}
{[%emt 00:01:19]} Bxh3 {[%clk 00:59:04]} {[%emt 00:00:13]} 25. Rd1 {[%clk
00:47:02]} {[%emt 00:01:04]} Rfd8 {[%clk 00:58:56]} {[%emt 00:00:37]} 26. Na3
{[%clk 00:40:03]} {[%emt 00:07:29]} Rb6 {[%clk 00:57:01]} {[%emt 00:02:25]} 27.
Rd3 {[%clk 00:33:58]} {[%emt 00:06:34]} Bf5 {[%clk 00:56:44]} {[%emt 00:00:48]}
28. Re3 {[%clk 00:33:35]} {[%emt 00:00:53]} h6 {[%clk 00:55:51]} {[%emt
00:01:23]} 29. Rd1 {[%clk 00:32:07]} {[%emt 00:01:56]} Bg4 {[%clk 00:55:05]}
{[%emt 00:01:19]} 30. f3 {[%clk 00:31:49]} {[%emt 00:00:48]} Bf5 {[%clk
00:54:46]} {[%emt 00:00:47]} 31. Nc4 {[%clk 00:31:43]} {[%emt 00:00:37]} Rg6+
{[%clk 00:54:38]} {[%emt 00:00:38]} 32. Kh1 {[%clk 00:26:34]} {[%emt 00:05:39]}
Be6 {[%clk 00:54:11]} {[%emt 00:00:57]} 33. Red3 {[%clk 00:24:52]} {[%emt
00:02:10]} Bd5 {[%clk 00:53:47]} {[%emt 00:00:55]} 34. Ne5 {[%clk 00:24:53]}
{[%emt 00:00:28]} Re6 {[%clk 00:53:46]} {[%emt 00:00:32]} 35. R1d2 {[%clk
00:24:53]} {[%emt 00:00:30]} Bb7 {[%clk 00:53:32]} {[%emt 00:00:44]} 36. Nc4
{[%clk 00:24:58]} {[%emt 00:00:22]} Rg6 {[%clk 00:53:40]} {[%emt 00:00:24]} 37.
d5 {[%clk 00:24:59]} {[%emt 00:00:30]} Rg5 {[%clk 00:53:04]} {[%emt 00:01:07]}
38. Ne3 {[%clk 00:25:02]} {[%emt 00:00:26]} Kf8 {[%clk 00:51:44]} {[%emt
00:01:50]} 39. Rd4 {[%clk 00:22:43]} {[%emt 00:02:48]} Re5 {[%clk 00:51:26]}
{[%emt 00:00:48]} 40. R2d3 {[%clk 00:20:32]} {[%emt 00:02:41]} Rd7 {[%clk
00:50:25]} {[%emt 00:01:32]} 41. Kg2 {[%clk 00:20:31]} {[%emt 00:00:32]} Ba6
{[%clk 00:50:17]} {[%emt 00:00:37]} 42. Rc3 {[%clk 00:19:35]} {[%emt 00:01:24]}
Bb7 {[%clk 00:50:16]} {[%emt 00:00:33]} 43. Re4 {[%clk 00:17:09]} {[%emt
00:02:55]} Rxe4 {[%clk 00:49:58]} {[%emt 00:00:49]} 44. fxe4 {[%clk 00:17:32]}
{[%emt 00:00:07]} g6 {[%clk 00:49:28]} {[%emt 00:01:00]} 45. Ng4 {[%clk
00:16:26]} {[%emt 00:01:35]} Kg7 {[%clk 00:49:31]} {[%emt 00:00:28]} 46. Kf3
{[%clk 00:15:51]} {[%emt 00:01:05]} f5 {[%clk 00:49:01]} {[%emt 00:01:00]} 47.
Ne3 {[%clk 00:16:04]} {[%emt 00:00:17]} fxe4+ {[%clk 00:48:23]} {[%emt
00:01:09]} 48. Kxe4 {[%clk 00:16:18]} {[%emt 00:00:16]} Kf7 {[%clk 00:47:51]}
{[%emt 00:01:02]} 49. Rd3 {[%clk 00:15:25]} {[%emt 00:01:25]} Re7+ {[%clk
00:47:38]} {[%emt 00:00:42]} 50. Kd4 {[%clk 00:15:17]} {[%emt 00:00:38]} h5
{[%clk 00:47:03]} {[%emt 00:01:06]} 51. Nc4 {[%clk 00:13:00]} {[%emt 00:02:46]}
Rd7 {[%clk 00:46:48]} {[%emt 00:00:46]} 52. Ne5+ {[%clk 00:13:22]} {[%emt
00:00:08]} Ke7 {[%clk 00:46:48]} {[%emt 00:00:31]} 53. Nxd7 {[%clk 00:13:45]}
{[%emt 00:00:07]} 1-0

[Event "DEM U10 2022"]
[Site "Willingen GER"]
[Date "2022.06.05"]
[Round "1"]
[White "Antonius, Richard-Malte"]
[Black "Hepp, Daniel"]
[Result "0-1"]
[Termination "normal"]
[Board "18"]
[WhiteElo "1106"]
[BlackElo "1468"]
[WhiteClock "01:07:31"]
[BlackClock "00:58:11"]
[PlyCount "62"]
[WhiteFideId "34623876"]
[BlackFideId "34608567"]
[EventCountry "GER"]
[EventRounds "11"]
[EventType "swiss"]
[EventDate "2022.06.04"]

1. d4 {[%clk 01:15:58]} {[%emt 00:00:02]} d5 {[%clk 01:15:52]} {[%emt
00:00:08]} 2. c3 {[%clk 01:16:24]} {[%emt 00:00:04]} c5 {[%clk 01:15:56]}
{[%emt 00:00:27]} 3. Nf3 {[%clk 01:16:45]} {[%emt 00:00:07]} Nc6 {[%clk
01:15:45]} {[%emt 00:00:43]} 4. Qb3 {[%clk 01:16:39]} {[%emt 00:00:21]} Nf6
{[%clk 01:14:33]} {[%emt 00:01:57]} 5. Bf4 {[%clk 01:16:59]} {[%emt 00:00:07]}
c4 {[%clk 01:13:57]} {[%emt 00:01:09]} 6. Qc2 {[%clk 01:17:21]} {[%emt
00:00:07]} Bg4 {[%clk 01:12:59]} {[%emt 00:01:29]} 7. Nbd2 {[%clk 01:17:25]}
{[%emt 00:00:22]} Bh5 {[%clk 01:12:36]} {[%emt 00:00:56]} 8. e3 {[%clk
01:17:38]} {[%emt 00:00:14]} e6 {[%clk 01:12:14]} {[%emt 00:00:56]} 9. Be2
{[%clk 01:18:00]} {[%emt 00:00:08]} Be7 {[%clk 01:10:51]} {[%emt 00:01:52]} 10.
a3 {[%clk 01:18:04]} {[%emt 00:00:26]} O-O {[%clk 01:10:23]} {[%emt 00:00:58]}
11. O-O {[%emt 00:00:07]} Bg6 {[%emt 00:00:49]} 12. Qc1 {[%clk 01:17:30]}
{[%emt 00:00:10]} Bd6 {[%clk 01:09:00]} {[%emt 00:01:53]} 13. Bxd6 {[%clk
01:16:13]} {[%emt 00:00:13]} Qxd6 {[%clk 01:09:22]} {[%emt 00:01:42]} 14. h3
{[%clk 01:12:36]} {[%emt 00:02:58]} b5 {[%clk 01:09:13]} {[%emt 00:01:49]} 15.
Re1 {[%clk 01:12:32]} {[%emt 00:00:33]} a5 {[%clk 01:07:22]} {[%emt 00:02:23]}
16. Nh4 {[%clk 01:12:07]} {[%emt 00:00:54]} Rfb8 {[%clk 01:01:34]} {[%emt
00:06:18]} 17. Nxg6 {[%clk 01:12:23]} {[%emt 00:00:12]} hxg6 {[%clk 01:01:23]}
{[%emt 00:00:43]} 18. Nf3 {[%clk 01:12:42]} {[%emt 00:00:10]} b4 {[%clk
01:00:36]} {[%emt 00:01:18]} 19. axb4 {[%emt 00:00:19]} axb4 {[%emt 00:00:22]}
20. Qc2 {[%clk 01:11:58]} {[%emt 00:00:33]} b3 {[%clk 01:00:41]} {[%emt
00:00:25]} 21. Qd2 {[%clk 01:12:11]} {[%emt 00:00:17]} Ne4 {[%clk 01:00:20]}
{[%emt 00:00:51]} 22. Qc1 {[%clk 01:12:13]} {[%emt 00:00:27]} Qd8 {[%clk
00:58:10]} {[%emt 00:02:41]} 23. Qb1 {[%clk 01:12:24]} {[%emt 00:00:19]} Rxa1
{[%clk 00:58:00]} {[%emt 00:00:39]} 24. Qxa1 {[%clk 01:12:23]} {[%emt
00:00:07]} Ra8 {[%clk 00:58:26]} {[%emt 00:00:29]} 25. Qb1 {[%clk 01:12:45]}
{[%emt 00:00:07]} Ra2 {[%clk 00:57:12]} {[%emt 00:01:44]} 26. Bxc4 {[%emt
00:01:41]} Nxc3 {[%emt 00:00:59]} 27. bxc3 {[%clk 01:09:55]} {[%emt 00:00:08]}
dxc4 {[%clk 00:57:35]} {[%emt 00:00:40]} 28. Rd1 {[%clk 01:07:30]} {[%emt
00:02:55]} Qa5 {[%clk 00:57:20]} {[%emt 00:00:45]} 29. Rd2 {[%clk 01:06:56]}
{[%emt 00:01:04]} Ra1 {[%clk 00:57:40]} {[%emt 00:00:11]} 30. Qxa1 {[%clk
01:07:12]} {[%emt 00:00:14]} Qxa1+ {[%clk 00:58:04]} {[%emt 00:00:07]} 31. Kh2
{[%clk 01:07:31]} {[%emt 00:00:10]} b2 {[%clk 00:58:11]} {[%emt 00:00:23]} 0-1

[Event "DEM U10 2022"]
[Site "Willingen GER"]
[Date "2022.06.05"]
[Round "2"]
[White "Gersemann, Karl"]
[Black "Kutz, Paul Matti"]
[Result "0-1"]
[Termination "normal"]
[Board "6"]
[WhiteElo "1620"]
[BlackElo "1202"]
[WhiteClock "01:01:40"]
[BlackClock "00:40:08"]
[PlyCount "93"]
[WhiteFideId "34602186"]
[BlackFideId "16296265"]
[EventCountry "GER"]
[EventRounds "11"]
[EventType "swiss"]
[EventDate "2022.06.04"]

1. e4 {[%clk 01:15:57]} {[%emt 00:00:02]} e6 {[%clk 01:15:54]} {[%emt
00:00:06]} 2. d4 {[%clk 01:16:18]} {[%emt 00:00:09]} d5 {[%clk 01:16:15]}
{[%emt 00:00:08]} 3. Bd3 {[%clk 01:16:40]} {[%emt 00:00:08]} Nf6 {[%clk
01:16:35]} {[%emt 00:00:11]} 4. e5 {[%clk 01:16:26]} {[%emt 00:00:43]} Nfd7
{[%clk 01:16:43]} {[%emt 00:00:23]} 5. f4 {[%clk 01:16:11]} {[%emt 00:00:44]}
c5 {[%clk 01:16:57]} {[%emt 00:00:17]} 6. c3 {[%clk 01:16:20]} {[%emt
00:00:21]} Nc6 {[%clk 01:17:01]} {[%emt 00:00:28]} 7. Nf3 {[%clk 01:12:38]}
{[%emt 00:04:58]} Qb6 {[%clk 01:16:26]} {[%emt 00:01:17]} 8. Qb3 {[%clk
01:11:39]} {[%emt 00:01:27]} cxd4 {[%clk 01:14:23]} {[%emt 00:02:35]} 9. Qxb6
{[%clk 01:11:59]} {[%emt 00:00:10]} Nxb6 {[%clk 01:14:22]} {[%emt 00:00:31]}
10. cxd4 {[%clk 01:12:20]} {[%emt 00:00:09]} Nb4 {[%clk 01:13:20]} {[%emt
00:01:31]} 11. Ke2 {[%clk 01:12:30]} {[%emt 00:00:20]} Nxd3 {[%clk 01:12:14]}
{[%emt 00:01:37]} 12. Kxd3 {[%emt 00:00:13]} Bd7 {[%clk 01:11:15]} {[%emt
00:01:27]} 13. Nc3 {[%clk 01:11:28]} {[%emt 00:01:50]} Rc8 {[%clk 01:08:56]}
{[%emt 00:02:49]} 14. Nd2 {[%clk 01:10:01]} {[%emt 00:01:56]} Bb4 {[%clk
01:07:14]} {[%emt 00:02:12]} 15. Ndb1 {[%clk 01:09:22]} {[%emt 00:01:07]} O-O
{[%clk 01:05:06]} {[%emt 00:02:40]} 16. a3 {[%clk 01:09:14]} {[%emt 00:00:38]}
Bxc3 {[%clk 01:04:16]} {[%emt 00:01:19]} 17. Nxc3 {[%clk 01:09:32]} {[%emt
00:00:13]} Nc4 {[%clk 01:04:16]} {[%emt 00:00:30]} 18. b3 {[%clk 01:09:43]}
{[%emt 00:00:18]} Na5 {[%clk 01:04:25]} {[%emt 00:00:21]} 19. Rb1 {[%clk
01:09:43]} {[%emt 00:00:30]} Rc7 {[%clk 01:04:08]} {[%emt 00:00:48]} 20. Bd2
{[%clk 01:10:02]} {[%emt 00:00:10]} Rfc8 {[%clk 01:01:30]} {[%emt 00:03:09]}
21. Rhc1 {[%clk 01:09:58]} {[%emt 00:00:34]} f6 {[%clk 00:59:10]} {[%emt
00:02:51]} 22. g4 {[%clk 01:09:18]} {[%emt 00:01:09]} fxe5 {[%clk 00:58:34]}
{[%emt 00:01:07]} 23. fxe5 {[%clk 01:09:26]} {[%emt 00:00:21]} Be8 {[%clk
00:58:32]} {[%emt 00:00:34]} 24. Rb2 {[%clk 01:09:04]} {[%emt 00:00:50]} Bg6+
{[%clk 00:56:53]} {[%emt 00:02:10]} 25. Ke3 {[%clk 01:07:20]} {[%emt 00:02:13]}
Rf7 {[%clk 00:51:10]} {[%emt 00:06:14]} 26. Ne2 {[%clk 01:04:07]} {[%emt
00:03:41]} Nc6 {[%clk 00:43:31]} {[%emt 00:08:11]} 27. Nf4 {[%clk 01:03:45]}
{[%emt 00:00:51]} Rcf8 {[%clk 00:40:59]} {[%emt 00:03:03]} 28. Rf1 {[%clk
01:02:50]} {[%emt 00:01:25]} Be4 {[%clk 00:39:08]} {[%emt 00:02:21]} 29. Bc1
{[%clk 01:01:20]} {[%emt 00:01:53]} g5 {[%clk 00:38:52]} {[%emt 00:00:54]} 30.
Nxe6 {[%clk 01:01:00]} {[%emt 00:00:49]} Rxf1 {[%clk 00:39:06]} {[%emt
00:00:16]} 31. Nxf8 {[%clk 01:01:18]} {[%emt 00:00:12]} Kxf8 {[%clk 00:38:48]}
{[%emt 00:00:50]} 32. Rf2+ {[%clk 00:59:33]} {[%emt 00:02:13]} Rxf2 {[%clk
00:39:09]} {[%emt 00:00:10]} 33. Kxf2 {[%clk 00:59:59]} {[%emt 00:00:04]} Nxd4
{[%clk 00:39:03]} {[%emt 00:00:35]} 34. Bxg5 {[%clk 00:59:58]} {[%emt
00:00:32]} Nxb3 {[%clk 00:38:52]} {[%emt 00:00:41]} 35. Bh6+ {[%clk 00:59:49]}
{[%emt 00:00:38]} Kf7 {[%clk 00:39:05]} {[%emt 00:00:17]} 36. h4 {[%clk
00:59:49]} {[%emt 00:00:29]} d4 {[%clk 00:39:03]} {[%emt 00:00:33]} 37. Ke2
{[%clk 00:59:41]} {[%emt 00:00:35]} d3+ {[%clk 00:38:23]} {[%emt 00:01:13]} 38.
Ke1 {[%clk 00:59:41]} {[%emt 00:00:30]} d2+ {[%clk 00:38:37]} {[%emt 00:00:17]}
39. Bxd2 {[%clk 00:59:52]} {[%emt 00:00:18]} Nxd2 {[%clk 00:39:00]} {[%emt
00:00:07]} 40. Kxd2 {[%clk 01:00:07]} {[%emt 00:00:15]} Ke6 {[%clk 00:39:08]}
{[%emt 00:00:22]} 41. Ke3 {[%clk 01:00:20]} {[%emt 00:00:16]} Kxe5 {[%clk
00:39:20]} {[%emt 00:00:19]} 42. g5 {[%clk 01:00:37]} {[%emt 00:00:13]} b5
{[%clk 00:39:38]} {[%emt 00:00:13]} 43. h5 {[%clk 01:00:56]} {[%emt 00:00:10]}
a5 {[%clk 00:39:54]} {[%emt 00:00:15]} 44. h6 {[%clk 01:01:12]} {[%emt
00:00:13]} b4 {[%clk 00:40:17]} {[%emt 00:00:09]} 45. g6 {[%emt 00:00:26]} Bxg6
{[%clk 00:40:22]} {[%emt 00:00:21]} 46. Kd2 {[%clk 01:01:18]} {[%emt 00:00:30]}
bxa3 {[%clk 00:40:08]} {[%emt 00:00:46]} 47. Kc3 {[%clk 01:01:40]} {[%emt
00:00:07]} 0-1